Song of sorcery and the unicorn creed (Record no. 264813)
[ view plain ]
| 000 -LEADER | |
|---|---|
| fixed length control field | 00956nam a22002537a 4500 |
| 003 - CONTROL NUMBER IDENTIFIER | |
| control field | OSt |
| 005 - DATE AND TIME OF LATEST TRANSACTION | |
| control field | 20250411120845.0 |
| 008 - FIXED-LENGTH DATA ELEMENTS--GENERAL INFORMATION | |
| fixed length control field | 250411b |||||||| |||| 00| 0 eng d |
| 020 ## - INTERNATIONAL STANDARD BOOK NUMBER | |
| International Standard Book Number | 0553269577 |
| 040 ## - CATALOGING SOURCE | |
| Original cataloging agency | DLC |
| Language of cataloging | Eng |
| Transcribing agency | RU |
| Modifying agency | RU |
| Description conventions | rda |
| 050 ## - LIBRARY OF CONGRESS CALL NUMBER | |
| Classification number | PS3569 .C233 |
| Item number | S66 1982 |
| 100 ## - MAIN ENTRY--PERSONAL NAME | |
| Personal name | Scarborough, Elizabeth Ann, |
| Dates associated with a name | 1947- |
| Relator term | author. |
| 245 ## - TITLE STATEMENT | |
| Title | Song of sorcery and the unicorn creed |
| Statement of responsibility, etc | Elizabeth Ann Scarborough. |
| 250 ## - EDITION STATEMENT | |
| Edition statement | Omnibus edition. |
| Remainder of edition statement | Vol.1-2 |
| 260 ## - PUBLICATION, DISTRIBUTION, ETC. (IMPRINT) | |
| Place of publication, distribution, etc | New York : |
| Name of publisher, distributor, etc | Bantam Books, |
| Date of publication, distribution, etc | [1987] |
| 300 ## - PHYSICAL DESCRIPTION | |
| Extent | 552 pages ; |
| Dimensions | 18 cm |
| 490 ## - SERIES STATEMENT | |
| Series statement | Songs from the Seashell Archives ; |
| Volume number/sequential designation | Vol. 1-2 |
| 500 ## - GENERAL NOTE | |
| General note | Contains two complete novels in the Songs from the Seashell Archives series: Song of Sorcery and The Unicorn Creed. |
| 650 ## - SUBJECT ADDED ENTRY--TOPICAL TERM | |
| Topical term or geographic name as entry element | Fantasy fiction. |
| Topical term or geographic name as entry element | Magic |
| Form subdivision | Fiction. |
| Topical term or geographic name as entry element | Unicorns |
| Form subdivision | Fiction. |
| 830 ## - SERIES ADDED ENTRY--UNIFORM TITLE | |
| Uniform title | Songs from the Seashell Archives ;$vv. 1-2. |
| 942 ## - ADDED ENTRY ELEMENTS (KOHA) | |
| Source of classification or shelving scheme | Library of Congress Classification |
| Koha item type | Long Loan Books |
| Classification part | PS3569.C233 |
| Item part | S66 1992 |
| Withdrawn status | Lost status | Source of classification or shelving scheme | Damaged status | Not for loan | Collection code | Home library | Current library | Shelving location | Date acquired | Source of acquisition | Total Checkouts | Full call number | Barcode | Date last seen | Price effective from | Koha item type |
|---|---|---|---|---|---|---|---|---|---|---|---|---|---|---|---|---|
| Library of Congress Classification | Fiction | Rongo University Library | Rongo University Library | General Stacks | 11/04/2025 | ALP | PS3569 .C233 S66 1982 | 20153445 | 11/04/2025 | 11/04/2025 | Long Loan Books |
